000 00349 a2200169 4500
001 182511
020 _a85-7319-266-6
040 _cMagnum
100 _aCaruso, Carla
240 1 0 _aBichos da noite
_lpor
245 1 0 _aBichos da noite
300 _a21
362 0 _a1998
440 1 _aDimensão
697 _aLITERATURA INFANTIL
942 _cBK
999 _c182511
_d182511